Central Library OPAC University of Rajshahi

Tudor constitutional documents, A. D. 1485-1603 : (Record no. 55541)

MARC details
000 -LEADER
fixed length control field 00822nam a2200241 a 4500
001 - CONTROL NUMBER
control field 55541
003 - CONTROL NUMBER IDENTIFIER
rucl marc code BD-RjUL
005 - DATE AND TIME OF LATEST TRANSACTION
control field 20211209080259.0
008 - FIXED-LENGTH DATA ELEMENTS--GENERAL INFORMATION
fixed length control field 161119r19511940enk b 001 0 eng u
035 ## - SYSTEM CONTROL NUMBER
System control number (BD-RjUL)55664
040 ## - CATALOGING SOURCE
Transcribing agency MeB
Modifying agency BD-RjUL
Original cataloging agency BD-RjUL
Language of cataloging eng
041 ## - LANGUAGE CODE
Language code of text/sound track or separate title eng
082 ## - DEWEY DECIMAL CLASSIFICATION NUMBER
Edition number 23
Classification number 342.0290941
Author mark and year TAT 1951
100 1# - MAIN ENTRY--PERSONAL NAME
Personal name Tanner, J. R.
Fuller form of name (Joseph Robson),
Dates associated with a name 1860-1931.
9 (RLIN) 165429
245 10 - TITLE STATEMENT
Title Tudor constitutional documents, A. D. 1485-1603 :
Remainder of title with an historical commentary /
Statement of responsibility, etc. J. R. Tanner
250 ## - EDITION STATEMENT
Edition statement 2d ed.
260 ## - PUBLICATION, DISTRIBUTION, ETC. (IMPRINT)
Place of publication, distribution, etc. Cambridge :
Name of publisher, distributor, etc. The University Press,
Date of publication, distribution, etc. 1930 [ Reprint 1951]
300 ## - PHYSICAL DESCRIPTION
Pagination xxiv, 636 p. ;
Size 24 cm.
500 ## - GENERAL NOTE
General note Includes index.
650 #0 - SUBJECT ADDED ENTRY--TOPICAL TERM
Topical term or geographic name as entry element Constitutional history
Geographic subdivision Great Britain.
9 (RLIN) 139775
651 #0 - SUBJECT ADDED ENTRY--GEOGRAPHIC NAME
Geographic name Great Britain
General subdivision History
Chronological subdivision Tudors, 1485-1603
Form subdivision Sources.
9 (RLIN) 165430
942 ## - ADDED ENTRY ELEMENTS (KOHA)
Source of classification or shelving scheme Dewey Decimal Classification
Koha item type Books
Holdings
Lost status Source of classification or shelving scheme Damaged status Not for loan Collection code Permanent Location Current Location Shelving location Date acquired Source of acquisition Cost, normal purchase price Total Checkouts Full call number Date last seen Date checked out Copy number Koha item type
  Dewey Decimal Classification     Non-fiction Central Library, University of Rajshahi Central Library, University of Rajshahi   26/08/1961 S.A. Akanda Lect. in History, R.U. 30.45 1 342.0290941 TAT 1951 25/03/2026 26/02/2026 C-2 Books